000 00359nam a22001577a 4500
005 20200524092404.0
008 200524b xxu||||| |||| 00| 0 eng d
041 _aeng
082 _a340
100 _aBARE ACT
_95744
245 _aTHE REGISTRATION ACT, 1908
260 _aDELHI
_bPROFESSIONALS BOOKS
300 _a90p,
650 _aLAW
_95701
942 _cBK
999 _c6468
_d6466